| 000 | 01565cam a22003734i 4500 | ||
|---|---|---|---|
| 003 | PE-LiUPU | ||
| 005 | 20250731183420.0 | ||
| 008 | 150625s r 000 0 d | ||
| 035 | _a(Sirsi) a37105 | ||
| 040 |
_aPE-LiUPU _bspa _cPE-LiUPU _erda |
||
| 082 | 0 | 4 |
_a745.51 _bE _221 |
| 110 | 2 | _aEdiciones CEAC | |
| 245 | 1 | 0 |
_aTrabajo manual de la madera : _btecnología. _n1 / _cEdiciones CEAC. |
| 264 | 1 |
_aBarcelona : _bCEAC, _c1972. |
|
| 300 |
_aPag. varia : _bilustraciones ; _c28 cm. |
||
| 336 |
_atext _2rdacontent |
||
| 337 |
_aunmediated _2rdamedia |
||
| 338 |
_avolume _2rdacarrier |
||
| 490 | 0 | _aMétodos gráficos de aprendizaje " Fase a Fase" | |
| 505 | 0 | _aMedición y trazado. -Sierra 1. -Cepillos 1. -Formomes, escoplos y gubias. -Limas y escofinas. -Taladro y barrenado 1. -Herramientas de mano elementales. -Afilado de formones y hierros de cepillo. -Banco de carpintero. Plomada. Nivel de aire. -Taladradora eléctrica portátil. | |
| 526 | _aP158 | ||
| 526 | _aP146 | ||
| 526 | _aP17 | ||
| 526 | _aP12 | ||
| 526 | _aP06 | ||
| 650 | 0 | 4 |
_aTrabajos en madera. _982 |
| 650 | 0 | 4 |
_aCarpinteria _xHerramientas. |
| 910 |
_baeq _ceq d |
||
| 942 |
_2ddc _cBOOK |
||
| 949 |
_a745.51 E 1 _wDEWEY _c1 _i54889 _lCCODEBUL1 _mBUL _p00.00 _r0 _sY _tBOOK _u2015-06-25 _xBIBLIOTECA _zUNKNOWN _0COMPRA _o.STAFF. Colección General |
||
| 596 | _a1 | ||
| 999 |
_a745.51 E 1 _wDEWEY _c45252 _i54889 _f2021-11-5 _g7 _lCCODEBUL1 _mBUL _r0 _sY _tBOOK _u2015-6-25 _xBIBLIOTECA _zUNKNOWN _0COMPRA _o.STAFF. Colección General _d45252 |
||
| 980 |
_81 _gALBERTO SANCHEZ Responsable de Automatización |
||